La circuncisión del señor solo / (Record no. 11034)

MARC details
000 -LEADER
campo de control de longitud fija 00668nam a2200241 i 4500
001 - NÚMERO DE CONTROL
campo de control 11034
003 - IDENTIFICADOR DE NÚMERO DE CONTROL
campo de control ES-MaACL
005 - FECHA Y HORA DE LA ÚLTIMA TRANSACCIÓN
campo de control 20230906150021.0
007 - CAMPO FIJO DE DESCRIPCIÓN FÍSICA--INFORMACIÓN GENERAL
campo de control de longitud fija t|
008 - DATOS DE LONGITUD FIJA--INFORMACIÓN GENERAL
campo de control de longitud fija 930325s1992 sp ||||0| spa j
020 ## - NÚMERO INTERNACIONAL ESTÁNDAR DEL LIBRO
Número Internacional Estándar del Libro 84-7954-101-6
040 ## - FUENTE DE CATALOGACIÓN
Centro catalogador/agencia de origen M-BN
Lengua de catalogación spa
Centro/agencia transcriptor M-BN
080 ## - NÚMERO DE LA CLASIFICACIÓN DECIMAL UNIVERSAL
Número de la Clasificación Decimal Universal 860-31"19"
100 0# - ENTRADA PRINCIPAL--NOMBRE DE PERSONA
Nombre de persona Leyva, J.
9 (RLIN) 72111
245 13 - MENCIÓN DEL TÍTULO
Título La circuncisión del señor solo /
Mención de responsabilidad, etc. J. Leyva.
250 ## - MENCION DE EDICION
Mención de edición [2ª ed. corr.].
260 ## - PUBLICACIÓN, DISTRIBUCIÓN, ETC.
Lugar de publicación, distribución, etc. Madrid :
Nombre del editor, distribuidor, etc. Libertarias/Prodhufi,
Fecha de publicación, distribución, etc. 1992.
300 ## - DESCRIPCIÓN FÍSICA
Extensión 179 p ;
Dimensiones 20 cm.
490 1# - MENCIÓN DE SERIE
Mención de serie Tres de cuatro soles ;
Designación de volumen o secuencia 23
830 0# - PUNTO DE ACCESO ADICIONAL DE SERIE-TÍTULO UNIFORME
Título uniforme Tres de cuatro soles ;
Designación de volumen o secuencia 23
9 (RLIN) 178061
852 ## - LOCALIZACIÓN
Ubicación ES-MaACL
Número de control de estantería L-18306
Sublocalización o colección R.121936
Holdings
Estatus retirado Estado de pérdida Estado de daño No para préstamo Biblioteca de origen Biblioteca actual Ubicación en estantería Fecha de adquisición Fuente de adquisición Total de préstamos Signatura topográfica completa Código de barras Visto por última vez Precio de reemplazo Tipo de ítem Koha
        Biblioteca del Ateneo de Madrid Biblioteca del Ateneo de Madrid Depósito 2 17/01/2008     L-18306 1011252 23/02/2023 23/02/2023 Libro impreso